000 00880namaa22001931 4500
001 174022
003 ES-MaACL
005 20231223063116.0
008 100205s1900 sp |||| | spa d
100 1 _aDicenta, Joaquín,
_d1863-1917
_944474
245 1 3 _aEl suicidio de Werther
_b: drama en cuatro actos y en verso /
_coriginal de Don Joaquin Dicenta.
250 _a2ª ed.
260 _aMadrid :
_b[Administración Lírico-Dramática],
_c1900 (
_fR. Velasco imp.)
300 _a106 p. ;
_c20 cm.
500 _aPertenecé á la "Administración Lirico Dramatica"
500 _aEn port.: Estrenado con extraordinario aplauso la noche del 23 de febrero de 1888, en el teatro de la Princesa.
852 _aES-MaACL
_jF-8645(5)
_z.- Enc. hol
_z.- Enc. en un vol. facticio formando parte de la col. facticia "Teatro español moderno" v. 102
999 _c174022
_d174022